MARC

LEADER 00000nam a2200000Ia 4500
001 807
008 160829s9999 xx 000 0 cat d
080 |a M-2-300 
100 |a Moncada, Sancho de  |9 36665 
245 |a Restauración política de España / Sancho de Moncada 
260 |a Madrid :  |b Instituto de Estudios Fiscales, DL 1974 
300 |a XI, 278 p., [2] làm. ;  |c 21 cm 
490 |a Clásicos del pensamiento económico español ; 1 
590 |a Edició a càrrec de Jean Vilar 
650 |a Economia  |x Espanya  |x S. XVII  |9 36666 
700 |a Vilar, Jean, ed.  |9 36667 
901 |a Arxiu 
942 |n 1 
952 |0 0  |1 0  |4 0  |6 M2300  |7 1  |9 47418  |a Arxiu  |b Arxiu  |d 2016-12-01  |l 0  |o M-2-300  |p 807  |r 2016-12-01 00:00:00  |w 2016-12-01  |y ARXIU 
999 |c 51216  |d 51216